Statistics for Countries with a Population under 1 Mil by Clue - Yellow Box

Click here to take the quiz!

General Stats

  • This quiz has been taken 154 times
  • The average score is 24 of 39

Answer Stats

PopulationClueCountry% Correct
801Home to St. Peters BasilicaVatican City
99%
10,82461% of adults are obese, the highest rate in the worldNauru
90%
39,242Known as the "Billionaires Playground"Monaco
87%
33,931Claims to be the world's oldest republic, founded in 301 ADSan Marino
82%
53,199The smallest country in the CaribbeanSt. Kitts and Nevis
81%
38,128One of the only two double landlocked countriesLiechtenstein
79%
98,347The richest country in AfricaSeychelles
76%
77,265Led by two co-princes, one of whom is the President of FranceAndorra
74%
393,244The closest country to FloridaBahamas
74%
437,479One of two countries ruled by a SultanBrunei
71%
97,929Its two main islands are Spanish for "ancient" and "bearded"Antigua and Barbuda
70%
59,190Country that Bikini Atoll is part ofMarshall Islands
70%
11,792Formerly known as the Ellice islandsTuvalu
70%
219,159Consists of two islands in the Gulf of GuineaSão Tomé and Príncipe
69%
115,023Consists of 607 islands with a total land area of only
702 square kilometers
F. S. Micronesia
67%
625,978Seat of the highest court in the European UnionLuxembourg
65%
112,523Know as the "Spice Island of the Caribbean"Grenada
64%
341,243Known as the "Land of Fire and Ice"Iceland
64%
628,066Name translates into "Black Mountain" in Spanish.Montenegro
64%
18,094Home to Jellyfish Lake, where the jellyfish have evolved to
lose their stingers
Palau
64%
586,632The smallest independent country in South AmericaSuriname
64%
786,552The only English-speaking South American countryGuyana
61%
110,940Its capital city is KingstownSt. Vincent and the
Grenadines
61%
555,987Uninhabited until settled by the Portuguese in the 1400sCape Verde
59%
540,544Has an average elevation of just 1.5 meters, the lowest of any countryMaldives
58%
105,695Has the nickname "The Friendly Islands," as dubbed by
Captain James Cook
Tonga
57%
397,628The "Blue Hole" is a popular scuba spot off this country's coastBelize
56%
198,414Known as the "Cradle of Polynesia"Samoa
56%
119,449Its biggest island is called Christmas IslandKiribati
54%
441,543Nazis tried, but failed, to take these islands from the British in WWIIMalta
52%
771,608Home to the highest un-climbed mountain in the worldBhutan
51%
307,145117 different languages are spoken on this Melanesian archipelagoVanuatu
51%
869,601Many of its citizens flee to the nearby French island of MayotteComoros
44%
988,000Used as an anti-terrorism base and to deter piracy in the Red SeaDjibouti
43%
686,884Where the Battle of Guadalcanal happened in 1942 and 1943Solomon Islands
42%
71,986Home to the worlds second largest hot spring, called Boiling LakeDominica
36%
896,445One of seven countries with a J in its nameFiji
36%
183,627The only island in the world that contains a drive-in volcanoSt. Lucia
36%
287,375Known as the "Land of the Flying Fish"Barbados
34%

Score Distribution

Percentile by Number Answered

Percent of People with Each Score

Your Score History

You have not taken this quiz